00568nam a2200181 a 450000100060000000300090000600800410001502000150005604000280007108200160009910000260011524500350014126000310017630000080020749000340021550501130024965000240036221705CO-ViMGA141112s2004 ck r 000 u spa d a9583502332 aCO-ViMGAbspacCO-ViMGA04a345.05 C1751 aCarnelutti, Francesco10aLas miserias del proceso penal aBogotá : bTemis, c1989 a107 aMonografías jurídicas; 55 aEl preso 9 - - El juez y las partes 25 - - Las pruebas 43 - - La sentencia penal 71 - - La liberación 89 14aPROCEDIMIENTO PENAL